Dragon

Guardat en:
Dades bibliogràfiques
Autor principal: Cussler, Clive (Autor)
Format: Llibre
Idioma:anglès
Publicat: Londres Grafton Books 1991
Edició:1a. ed
Matèries:
Etiquetes: Afegir etiqueta
Sense etiquetes, Sigues el primer a etiquetar aquest registre!

MARC

LEADER 00000cam a2200000 a 4500
001 UCF5271
003 CL-VaPUC
008 130307e19910000UK |||||||||||||||||eng|d
020 |a 0586074732 
082 0 4 |a 813  |b CUS  |2 21 
100 0 |a Cussler, Clive  |e author  |9 567070 
245 1 0 |a Dragon 
250 |a 1a. ed 
300 |a 585 p 
942 |c BK 
945 |d 20130307 00:00:00  |a cmena 
260 |a Londres  |b Grafton Books  |c 1991 
650 0 |a Novelas estadounidenses  |9 265217 
650 0 |a Literatura estadounidense  |9 317168 
583 |a last modification  |c 20130307 11:37:00  |k Rodrigo Vera 
999 |c 350829  |d 350827 
952 |0 0  |1 0  |4 0  |6 813_000000000000000_CUS_1991  |7 0  |8 A  |9 454562  |a BIBEDU  |b BIBEDU  |d 2019-11-22  |i 4948351  |o 813 CUS 1991  |p 4948351  |r 2019-11-22  |w 2019-11-22  |y BK  |k LIT